000
00309nam a22001337a 4500
082
_a
823
_b
CLA/F
245
_a
THE FROG PRINCE
_b
SHORT STORY
246
_a
THE FROG PRINCE
_b
SHORT STORY
250
_a
2003
260
_a
DELHI
_b
CLASSIC BOOKS
_c
2003
300
_a
205
520
_a
CHILDRENS SHORT STORY
942
_c
BK
999
_c
301
_d
301